000 00484nam a22001697a 4500
005 20251108164721.0
008 250721s1981 xx 000 0 ara d
082 1 4 _a812.95662/أحم
100 1 _aالمعلمي، أحمد عبد الرحمن
245 1 0 _aكابوس مرعب /
264 1 _aدمشق :
_bدار المختارللنشر،
_c1981.
300 _a98ص
650 1 7 _aالمسرحيات العربية
650 1 7 _aاليمن
942 _2ddc
_cBK
999 _c12583
_d12583